| 000 | 00631cam a2200217 4500 | ||
|---|---|---|---|
| 008 | 020917n2001 000 0 eng u | ||
| 020 | _a1860815170 | ||
| 035 | _a(Sirsi) u119708 | ||
| 050 | _a693.4 | ||
| 100 | _aDe Vekey, R. | ||
| 245 | _aBricks, blocks and masonry made from aggregate concrete : appearance and environmental aspects | ||
| 260 |
_aLondon _bCRC _c2001 |
||
| 300 |
_a8p. _bill. _c30cm. |
||
| 490 |
_aBRE Digest _v460 Part 2 |
||
| 650 | _aAGGREGATE CONCRETE | ||
| 650 | _aCONCRETE BRICKS | ||
| 650 | _aCONCRETE BLOCKS | ||
| 650 | _aMASONRY | ||
| 690 | _aBUILT ENVIRONMENT-BUILDING MATERIALS | ||
| 942 | _n0 | ||
| 999 |
_c102363 _d102363 |
||